[Event "24. Open Catalunya Escacs Club"]
[Site "Barcelona ESP"]
[Date "2010.03.27"]
[Round "1.1"]
[White "Medina De Baets, Vicente Jose"]
[Black "Munoz Pantoja, Miguel"]
[Result "0-1"]
[WhiteElo "1860"]
[BlackElo "2459"]
[PlyCount "48"]
[EventDate "2010.03.27"]
[EventType "swiss"]
[EventRounds "9"]
[EventCountry "ESP"]
[Source "lmi"]
[SourceDate "2010.03.27"]

1. e4 d5 2. exd5 Qxd5 3. d4 Nc6 4. Be3 e5 5. Nc3 Bb4 6. Qd2 Qa5 7. dxe5 Nge7 8.
Bc4 Bg4 9. f3 Rd8 10. Bd3 Bf5 11. O-O-O Bxd3 12. cxd3 Nxe5 13. Qc2 Bxc3 14.
bxc3 Nd5 15. Bd4 O-O 16. Qb2 Nc6 17. Ne2 Nxd4 18. cxd4 Rd6 19. Qd2 Qb6 20. Qb2
Qa6 21. Kd2 Qa5+ 22. Nc3 Rb6 23. Qa1 Nxc3 24. Qxc3 Rb2+ 0-1

[Event "24. Open Catalunya Escacs Club"]
[Site "Barcelona ESP"]
[Date "2010.03.27"]
[Round "1.2"]
[White "Cruz, Jonathan"]
[Black "Ruiz Planas, Adelito"]
[Result "1-0"]
[WhiteElo "2442"]
[BlackElo "1852"]
[PlyCount "57"]
[EventDate "2010.03.27"]
[EventType "swiss"]
[EventRounds "9"]
[EventCountry "ESP"]
[Source "lmi"]
[SourceDate "2010.03.27"]

1. d4 d5 2. Nf3 Bf5 3. g3 Nf6 4. Bg2 c6 5. O-O e6 6. Nbd2 Be7 7. Nh4 Bg6 8. c4
dxc4 9. Nxg6 hxg6 10. Nxc4 Nbd7 11. e4 Nb6 12. Ne5 Nfd7 13. Nf3 Nc8 14. Qe2 Qa5
15. Rd1 Qh5 16. h3 Nd6 17. d5 cxd5 18. exd5 e5 19. g4 Qh7 20. Nxe5 Nxe5 21.
Qxe5 Kd7 22. Bf4 Rhe8 23. Rac1 Rac8 24. Qd4 Nb5 25. Qd3 Nd6 26. Qa3 g5 27. Qa4+
Kd8 28. Bxd6 Rxc1 29. Bxe7+ 1-0

[Event "24. Open Catalunya Escacs Club"]
[Site "Barcelona ESP"]
[Date "2010.03.27"]
[Round "1.3"]
[White "Salazar Navas, Josep"]
[Black "Cruz, Filemon"]
[Result "0-1"]
[WhiteElo "1843"]
[BlackElo "2436"]
[PlyCount "110"]
[EventDate "2010.03.27"]
[EventType "swiss"]
[EventRounds "9"]
[EventCountry "ESP"]
[Source "lmi"]
[SourceDate "2010.03.27"]

1. e4 c5 2. Nc3 Nc6 3. g3 g6 4. Bg2 Bg7 5. d3 Rb8 6. Be3 d6 7. Qd2 b5 8. Nge2
Nd4 9. f4 e6 10. O-O Ne7 11. Nd1 O-O 12. c3 Nxe2+ 13. Qxe2 b4 14. d4 bxc3 15.
bxc3 cxd4 16. cxd4 Qa5 17. Rf2 Ba6 18. Qd2 Qa3 19. Qc3 Qxc3 20. Nxc3 Rfc8 21.
Rc1 d5 22. g4 dxe4 23. Bxe4 f5 24. Bf3 fxg4 25. Bxg4 Nf5 26. Bxf5 gxf5 27. Rfc2
Bd3 28. Rg2 Kf7 29. Rd2 Be4 30. Kf2 Rc4 31. Rdd1 Rb2+ 32. Rd2 Rxd2+ 33. Bxd2
Bxd4+ 34. Ke2 Bb6 35. Nxe4 Rxe4+ 36. Kf3 Ra4 37. Rc2 Ra3+ 38. Kg2 h5 39. Bb4
Rd3 40. Bc3 h4 41. Be5 h3+ 42. Kf1 Kg6 43. Bc7 Rf3+ 44. Ke1 Bxc7 45. Rxc7 Rxf4
46. Rxa7 Rb4 47. Ra3 Rb1+ 48. Kf2 Rb2+ 49. Kf3 e5 50. Ra5 Kf6 51. a4 Rxh2 52.
Kg3 Rh1 53. Ra6+ Kg5 54. Ra8 f4+ 55. Kf3 Rf1+ 0-1

[Event "24. Open Catalunya Escacs Club"]
[Site "Barcelona ESP"]
[Date "2010.03.27"]
[Round "1.4"]
[White "Bergez, Luc"]
[Black "Gonzalez Garcia, Sergi"]
[Result "1-0"]
[WhiteElo "2392"]
[BlackElo "1838"]
[PlyCount "31"]
[EventDate "2010.03.27"]
[EventType "swiss"]
[EventRounds "9"]
[EventCountry "ESP"]
[Source "lmi"]
[SourceDate "2010.03.27"]

1. e4 e5 2. Nf3 Nc6 3. Bc4 Nf6 4. d3 Be7 5. Nbd2 d6 6. c3 Bg4 7. Qb3 Na5 8.
Bxf7+ Kf8 9. Qa4 Kxf7 10. Qxa5 Rf8 11. Qb5 Qc8 12. Qc4+ Kg6 13. Nh4+ Kh5 14. h3
Kxh4 15. hxg4+ Kg5 16. Nf3+ 1-0

[Event "24. Open Catalunya Escacs Club"]
[Site "Barcelona ESP"]
[Date "2010.03.27"]
[Round "1.5"]
[White "Ribon Calabia, Mariano"]
[Black "Perez Mitjans, Orelvis"]
[Result "0-1"]
[WhiteElo "1832"]
[BlackElo "2392"]
[PlyCount "78"]
[EventDate "2010.03.27"]
[EventType "swiss"]
[EventRounds "9"]
[EventCountry "ESP"]
[Source "lmi"]
[SourceDate "2010.03.27"]

1. e4 d5 2. exd5 Qxd5 3. Nc3 Qa5 4. Nf3 Nf6 5. d4 Bg4 6. h3 Bh5 7. g4 Bg6 8.
Ne5 e6 9. h4 Nbd7 10. Nxd7 Kxd7 11. Bd2 h5 12. Qf3 c6 13. g5 Ne8 14. Be2 Bb4
15. O-O Nd6 16. a3 Bxc3 17. Bxc3 Qd5 18. Qf4 Qe4 19. Qxe4 Bxe4 20. f3 Bxc2 21.
Rac1 Bg6 22. Rfd1 Nf5 23. Be1 f6 24. Bd3 Ne7 25. Bb4 Bxd3 26. Bxe7 Kxe7 27.
gxf6+ Kxf6 28. Rxd3 Rad8 29. Kf2 Rd5 30. Rg1 Rhd8 31. Ke3 c5 32. f4 Rxd4 33.
Rc3 b6 34. b4 cxb4 35. Rc7 Rd3+ 36. Ke2 R8d7 37. Rc6 bxa3 38. f5 Kxf5 39. Rg5+
Kf6 0-1

[Event "24. Open Catalunya Escacs Club"]
[Site "Barcelona ESP"]
[Date "2010.03.27"]
[Round "1.7"]
[White "Casals Ruisanchez, Josep Maria"]
[Black "Perpinya Rofes, Lluis Maria"]
[Result "0-1"]
[WhiteElo "1823"]
[BlackElo "2308"]
[PlyCount "68"]
[EventDate "2010.03.27"]
[EventType "swiss"]
[EventRounds "9"]
[EventCountry "ESP"]
[Source "lmi"]
[SourceDate "2010.03.27"]

1. d4 g6 2. c4 Bg7 3. Nc3 Nf6 4. e4 d6 5. f4 c5 6. d5 O-O 7. Nf3 e6 8. e5 dxe5
9. fxe5 Ng4 10. Bf4 Nd7 11. dxe6 fxe6 12. Bg5 Qa5 13. Bd2 Ndxe5 14. h3 Nxf3+
15. gxf3 Ne5 16. f4 Qd8 17. fxe5 Qh4+ 18. Ke2 Qf2+ 19. Kd3 Qf5+ 20. Ne4 Rd8+
21. Kc2 Qxe4+ 22. Kb3 Qxh1 23. Qe2 Qc6 24. Bg2 Qc7 25. Bg5 Rd4 26. Re1 Qb6+ 27.
Kc2 Qa6 28. Kb3 b5 29. a3 bxc4+ 30. Ka2 Rb8 31. Qf2 c3 32. Bf1 Qb7 33. Qc2
Qxb2+ 34. Qxb2 Rxb2+ 0-1

[Event "24. Open Catalunya Escacs Club"]
[Site "Barcelona ESP"]
[Date "2010.03.27"]
[Round "1.9"]
[White "Margareto Kohrmann, Eduardo E"]
[Black "Burgos Figueroa, Carlos E"]
[Result "0-1"]
[WhiteElo "1811"]
[BlackElo "2272"]
[PlyCount "74"]
[EventDate "2010.03.27"]
[EventType "swiss"]
[EventRounds "9"]
[EventCountry "ESP"]
[Source "lmi"]
[SourceDate "2010.03.27"]

1. e4 Nc6 2. Bc4 e6 3. Nc3 Nf6 4. a3 d5 5. exd5 exd5 6. Ba2 Be6 7. d3 h6 8. Nf3
Qd7 9. Bf4 a6 10. Ne5 Nxe5 11. Bxe5 O-O-O 12. Bxf6 gxf6 13. Qf3 Qc6 14. O-O-O
Bxa3 15. Qxf6 Bb4 16. Ne2 Bg4 17. Qxc6 bxc6 18. f3 Bd7 19. Nd4 Rhg8 20. g3 Rde8
21. Nb3 Re3 22. c3 Bd6 23. Nd4 Rge8 24. Rhf1 h5 25. Nc2 Re2 26. Rd2 h4 27. f4
hxg3 28. hxg3 Bg4 29. Rxe2 Rxe2 30. Re1 Rg2 31. Re3 Rg1+ 32. Ne1 Rxg3 33. Rxg3
Bxf4+ 34. Kc2 Bxg3 35. Ng2 f5 36. Ne3 Bh3 37. c4 d4 0-1

[Event "24. Open Catalunya Escacs Club"]
[Site "Barcelona ESP"]
[Date "2010.03.27"]
[Round "1.10"]
[White "Capellades Subirana, Marc"]
[Black "Tortosa Moros, Joan"]
[Result "1-0"]
[WhiteElo "2254"]
[BlackElo "1799"]
[PlyCount "65"]
[EventDate "2010.03.27"]
[EventType "swiss"]
[EventRounds "9"]
[EventCountry "ESP"]
[Source "lmi"]
[SourceDate "2010.03.27"]

1. e4 c5 2. Nf3 Nc6 3. d4 cxd4 4. Nxd4 g6 5. Nc3 Bg7 6. Be3 Nf6 7. f4 d6 8. Be2
Bd7 9. O-O O-O 10. Kh1 Qc8 11. Bf3 Bg4 12. Nxc6 bxc6 13. Bd4 Bxf3 14. Qxf3 c5
15. Bxf6 Bxf6 16. Nd5 Qb8 17. Rab1 a5 18. b3 Ra7 19. Nxf6+ exf6 20. Rbd1 a4 21.
Rd2 axb3 22. axb3 Rd8 23. Rfd1 Rad7 24. h3 Qc7 25. Rd5 c4 26. b4 c3 27. Qd3 Kf8
28. Qd4 Ke7 29. Rd3 Rc8 30. e5 fxe5 31. fxe5 Rcd8 32. exd6+ Rxd6 33. Qe5+ 1-0

[Event "24. Open Catalunya Escacs Club"]
[Site "Barcelona ESP"]
[Date "2010.03.28"]
[Round "2.1"]
[White "Munoz Pantoja, Miguel"]
[Black "Saiz Rodrigo, Josep Fernando"]
[Result "1-0"]
[WhiteElo "2459"]
[BlackElo "1999"]
[PlyCount "53"]
[EventDate "2010.03.27"]
[EventType "swiss"]
[EventRounds "9"]
[EventCountry "ESP"]
[Source "lmi"]
[SourceDate "2010.03.27"]

1. e4 c5 2. g3 Nc6 3. Bg2 g6 4. Ne2 Bg7 5. c3 e5 6. d3 Nge7 7. Be3 b6 8. d4 d6
9. O-O O-O 10. d5 Na5 11. f4 f5 12. Nd2 Ba6 13. fxe5 Bxe5 14. Bh6 Rf7 15. Rf2
Bg7 16. Bxg7 Kxg7 17. Nf4 Bc8 18. Ne6+ Bxe6 19. dxe6 Rf6 20. exf5 d5 21. c4 Rc8
22. cxd5 gxf5 23. Qf3 Ng6 24. Qc3 Kg8 25. Raf1 f4 26. gxf4 Nh4 27. f5 1-0

[Event "24. Open Catalunya Escacs Club"]
[Site "Barcelona ESP"]
[Date "2010.03.28"]
[Round "2.2"]
[White "Arroyo Mateo, Jose Miguel"]
[Black "Cruz, Jonathan"]
[Result "0-1"]
[WhiteElo "1980"]
[BlackElo "2442"]
[PlyCount "64"]
[EventDate "2010.03.27"]
[EventType "swiss"]
[EventRounds "9"]
[EventCountry "ESP"]
[Source "lmi"]
[SourceDate "2010.03.27"]

1. e4 c6 2. d4 d5 3. Nc3 dxe4 4. Nxe4 Bf5 5. Ng3 Bg6 6. h4 h6 7. Nf3 Nd7 8. h5
Bh7 9. Bd3 Bxd3 10. Qxd3 Qc7 11. Bd2 Ngf6 12. c4 e6 13. O-O-O O-O-O 14. Kb1 Bd6
15. Ne2 c5 16. Nc3 a6 17. Be3 cxd4 18. Nxd4 Ne5 19. Qe2 Qxc4 20. Qc2 Kb8 21. f3
Bc7 22. b3 Qb4 23. Rh4 Qe7 24. Rhh1 Nd5 25. Bf2 Nc4 26. Nxd5 Na3+ 27. Kb2 Rxd5
28. Qe2 Rhd8 29. Nc2 Qf6+ 30. Kc1 Bf4+ 31. Be3 Rc8 32. Rxd5 Qa1+ 0-1

[Event "24. Open Catalunya Escacs Club"]
[Site "Barcelona ESP"]
[Date "2010.03.28"]
[Round "2.3"]
[White "Cruz, Filemon"]
[Black "Catarineu Navines, Federico"]
[Result "1-0"]
[WhiteElo "2436"]
[BlackElo "1994"]
[PlyCount "89"]
[EventDate "2010.03.27"]
[EventType "swiss"]
[EventRounds "9"]
[EventCountry "ESP"]
[Source "lmi"]
[SourceDate "2010.03.27"]

1. d4 Nf6 2. Nf3 g6 3. c4 c5 4. d5 e6 5. Nc3 exd5 6. cxd5 d6 7. e4 a6 8. a4 Bg7
9. h3 O-O 10. Bd3 Re8 11. O-O Nbd7 12. Re1 Qc7 13. Bc4 Nh5 14. g4 Ne5 15. Nxe5
Bxe5 16. gxh5 Bxh3 17. Qf3 Qd7 18. Bf1 Bg4 19. Qg2 Bxh5 20. Bg5 Bd4 21. Qg3 Bg4
22. Bf4 Rad8 23. Kg2 Bh5 24. Bd3 Qg4 25. f3 Qxg3+ 26. Bxg3 f6 27. a5 g5 28. Na4
Bg6 29. Rab1 h5 30. Nb6 h4 31. Bh2 Bh5 32. Nc4 Be5 33. Bxe5 fxe5 34. Be2 Bg6
35. b4 cxb4 36. Rxb4 Re7 37. Rb6 g4 38. Nxd6 gxf3+ 39. Bxf3 Rg7 40. Kh3 Rf8 41.
Bg4 Rf4 42. Rg1 Kh8 43. Rxb7 Rxb7 44. Nxb7 Bxe4 45. Be6 1-0

[Event "24. Open Catalunya Escacs Club"]
[Site "Barcelona ESP"]
[Date "2010.03.28"]
[Round "2.4"]
[White "Garreta Martinez, Albert"]
[Black "Bergez, Luc"]
[Result "0-1"]
[WhiteElo "1965"]
[BlackElo "2392"]
[PlyCount "118"]
[EventDate "2010.03.27"]
[EventType "swiss"]
[EventRounds "9"]
[EventCountry "ESP"]
[Source "lmi"]
[SourceDate "2010.03.27"]

1. e4 g6 2. g3 d5 3. d3 dxe4 4. dxe4 Qxd1+ 5. Kxd1 Nf6 6. f3 Nc6 7. Bd3 Be6 8.
Bf1 Bc8 9. Be3 Be6 10. c3 O-O-O+ 11. Kc2 Bg7 12. Nd2 Nd7 13. Bh3 Bxh3 14. Nxh3
Nde5 15. Rhd1 Rd3 16. Bf4 Rhd8 17. Nf2 R3d7 18. Bxe5 Nxe5 19. f4 Nd3 20. Nxd3
Rxd3 21. Nc4 Rxd1 22. Rxd1 Rxd1 23. Kxd1 b5 24. Ne3 Kd7 25. Kc2 e5 26. f5 h5
27. Kd3 Bh6 28. Nc2 Kd6 29. b3 a5 30. c4 bxc4+ 31. bxc4 gxf5 32. exf5 Kc5 33.
h3 Bc1 34. g4 hxg4 35. hxg4 f6 36. Ne1 Kb4 37. Nf3 Bh6 38. g5 fxg5 39. Nxe5 Bg7
40. Ng4 Ka3 41. f6 Bf8 42. Ne5 Kxa2 43. Kc2 Ka3 44. Kc3 Bd6 45. Kd4 a4 46. c5
Bf8 47. Nd7 Bh6 48. f7 Kb3 49. c6 Bg7+ 50. Kd5 a3 51. Nc5+ Kc2 52. Ne6 Bh6 53.
Nxc7 a2 54. Nb5 a1=Q 55. c7 Qa8+ 56. Ke6 Qc8+ 57. Kf6 g4 58. Nd4+ Kd3 59. Nf5
Bf8 0-1

[Event "24. Open Catalunya Escacs Club"]
[Site "Barcelona ESP"]
[Date "2010.03.28"]
[Round "2.5"]
[White "Perez Mitjans, Orelvis"]
[Black "Mas Recorda, Pere"]
[Result "1-0"]
[WhiteElo "2392"]
[BlackElo "1958"]
[PlyCount "33"]
[EventDate "2010.03.27"]
[EventType "swiss"]
[EventRounds "9"]
[EventCountry "ESP"]
[Source "lmi"]
[SourceDate "2010.03.27"]

1. e4 e6 2. Qe2 Ne7 3. f4 d5 4. d3 dxe4 5. dxe4 b6 6. Nf3 Ba6 7. Qf2 Bxf1 8.
Qxf1 g6 9. Nc3 Bg7 10. Be3 Nbc6 11. Qf2 O-O 12. g4 f5 13. gxf5 exf5 14. e5 Qd7
15. Rd1 Qc8 16. O-O Rd8 17. Qe2 1-0

[Event "24. Open Catalunya Escacs Club"]
[Site "Barcelona ESP"]
[Date "2010.03.28"]
[Round "2.6"]
[White "Lorente Munoz, Raul"]
[Black "Lorenzo De La Riva, Lazaro"]
[Result "0-1"]
[WhiteElo "1951"]
[BlackElo "2383"]
[PlyCount "98"]
[EventDate "2010.03.27"]
[EventType "swiss"]
[EventRounds "9"]
[EventCountry "ESP"]
[Source "lmi"]
[SourceDate "2010.03.27"]

1. d4 Nf6 2. c4 c5 3. d5 b5 4. e4 Nxe4 5. Qf3 Qa5+ 6. Nc3 Nxc3 7. Bd2 Qb6 8.
Bxc3 b4 9. Bd2 Qf6 10. Rb1 d6 11. Qxf6 gxf6 12. Bd3 Nd7 13. Nf3 Ne5 14. Nxe5
fxe5 15. f4 exf4 16. Bxf4 e5 17. dxe6 Bxe6 18. Be4 O-O-O 19. Bd3 h5 20. a3 d5
21. cxd5 Rxd5 22. Ba6+ Kd7 23. O-O Bd6 24. axb4 cxb4 25. Bxd6 Kxd6 26. Rbd1
Rxd1 27. Rxd1+ Kc5 28. Kf2 Rg8 29. Bb7 a5 30. Ra1 Kb6 31. Be4 Rg5 32. Rd1 a4
33. Rd6+ Kb5 34. Ke3 a3 35. bxa3 bxa3 36. Bd3+ Kc5 37. Ra6 Rxg2 38. Rxa3 Rxh2
39. Ra5+ Kd6 40. Be4 h4 41. Kf3 Rb2 42. Rh5 h3 43. Kg3 Rb3+ 44. Bf3 h2 45. Rxh2
Bd5 46. Rf2 Ke5 47. Re2+ Kf5 48. Rf2 Kg5 49. Kg2 Rxf3 0-1

[Event "24. Open Catalunya Escacs Club"]
[Site "Barcelona ESP"]
[Date "2010.03.28"]
[Round "2.7"]
[White "Perpinya Rofes, Lluis Maria"]
[Black "Vargas Drechsler, Carlos"]
[Result "1-0"]
[WhiteElo "2308"]
[BlackElo "1940"]
[PlyCount "45"]
[EventDate "2010.03.27"]
[EventType "swiss"]
[EventRounds "9"]
[EventCountry "ESP"]
[Source "lmi"]
[SourceDate "2010.03.27"]

1. e4 e5 2. Nf3 Nc6 3. Bb5 f5 4. Nc3 fxe4 5. Nxe4 d5 6. Nxe5 dxe4 7. Nxc6 Qg5
8. Qe2 Nf6 9. f4 Qh4+ 10. g3 Qh3 11. Ne5+ c6 12. Bc4 Be6 13. d4 Bd6 14. Be3 Nd5
15. Bxd5 Bxd5 16. O-O-O Bxa2 17. b3 Ba3+ 18. Kd2 Bb4+ 19. c3 Qe6 20. cxb4 Qxb3
21. Ke1 Qxb4+ 22. Kf2 O-O 23. Qxa2+ 1-0

[Event "24. Open Catalunya Escacs Club"]
[Site "Barcelona ESP"]
[Date "2010.03.28"]
[Round "2.8"]
[White "Roche Peris, Eduard"]
[Black "Rios, Alejandro"]
[Result "0-1"]
[WhiteElo "1920"]
[BlackElo "2284"]
[PlyCount "108"]
[EventDate "2010.03.27"]
[EventType "swiss"]
[EventRounds "9"]
[EventCountry "ESP"]
[Source "lmi"]
[SourceDate "2010.03.27"]

1. e4 e5 2. Nf3 Nc6 3. Bb5 a6 4. Bxc6 dxc6 5. Nc3 f6 6. d4 exd4 7. Qxd4 Qxd4 8.
Nxd4 Bd7 9. O-O O-O-O 10. Be3 Bb4 11. Nce2 Re8 12. c3 Bd6 13. f3 f5 14. Bf4
fxe4 15. Bxd6 cxd6 16. fxe4 Nf6 17. Ng3 Nxe4 18. Ndf5 Bxf5 19. Nxf5 g6 20. Nh6
Rhf8 21. Rxf8 Rxf8 22. Rf1 Rxf1+ 23. Kxf1 Kd7 24. Ng4 Ke6 25. Ke2 Nc5 26. b3 h5
27. Nf2 Ke5 28. Nd1 d5 29. Ke3 a5 30. Nb2 g5 31. g3 Kf5 32. Nd1 b5 33. b4 axb4
34. cxb4 Ne6 35. h3 Ke5 36. Nb2 d4+ 37. Kf3 Kd5 38. a3 Nf8 39. Nd3 Nd7 40. h4
Ne5+ 41. Nxe5 Kxe5 42. hxg5 Kf5 43. g6 Kxg6 44. Ke4 Kg5 45. Kxd4 Kg4 46. Kc5
Kxg3 47. Kxc6 h4 48. Kxb5 h3 49. a4 h2 50. a5 h1=Q 51. a6 Qa8 52. Kb6 Qb8+ 53.
Kc5 Qc7+ 54. Kb5 Kf4 0-1

[Event "24. Open Catalunya Escacs Club"]
[Site "Barcelona ESP"]
[Date "2010.03.28"]
[Round "2.9"]
[White "Burgos Figueroa, Carlos E"]
[Black "Perez Grizia, Jorge Adrian"]
[Result "1/2-1/2"]
[WhiteElo "2272"]
[BlackElo "1929"]
[PlyCount "130"]
[EventDate "2010.03.27"]
[EventType "swiss"]
[EventRounds "9"]
[EventCountry "ESP"]
[Source "lmi"]
[SourceDate "2010.03.27"]

1. e4 c5 2. Nf3 d6 3. d4 cxd4 4. Qxd4 Nc6 5. Bb5 Bd7 6. Bxc6 bxc6 7. Nc3 Qb6 8.
Be3 Qxd4 9. Nxd4 g6 10. O-O-O Bg7 11. f3 Nf6 12. g4 h5 13. g5 Nh7 14. h4 O-O
15. Nde2 Rfb8 16. Bd4 Bf8 17. Rhf1 Rb7 18. f4 Bh3 19. Rf2 c5 20. Be3 Rab8 21.
b3 e6 22. Na4 Rc8 23. c4 Bg4 24. Nac3 a6 25. Rd3 Rc6 26. Ng3 Be7 27. f5 Nf8 28.
f6 Bd8 29. Rfd2 Ba5 30. Kc2 Bc7 31. Bf4 e5 32. Be3 Ne6 33. Nd5 Bd8 34. Rf2 Kf8
35. Ne2 Ke8 36. Nec3 Rb8 37. Rdd2 Rcc8 38. Ne7 Bxe7 39. fxe7 Nd4+ 40. Kc1 Be6
41. Rf6 Kxe7 42. Rdf2 Rf8 43. Bxd4 cxd4 44. Na4 Rfc8 45. Nb2 Rc7 46. Nd3 a5 47.
Rb2 Rb6 48. Kd2 Rb8 49. Rf1 Bh3 50. Rc1 Bg2 51. Re1 Bh3 52. Rc2 Be6 53. Rec1
Rc5 54. Nxc5 dxc5 55. Rb2 a4 56. Kd3 a3 57. Rf2 Rb4 58. Rcf1 Rb6 59. Rf6 Ke8
60. R1f3 Ke7 61. Kd2 Ke8 62. Kd3 Ke7 63. Rf1 Rc6 64. R6f2 Rb6 65. Rb1 Rb4
1/2-1/2

[Event "24. Open Catalunya Escacs Club"]
[Site "Barcelona ESP"]
[Date "2010.03.28"]
[Round "2.10"]
[White "Bieg Pagel, Clemens"]
[Black "Capellades Subirana, Marc"]
[Result "0-1"]
[WhiteElo "1900"]
[BlackElo "2254"]
[PlyCount "64"]
[EventDate "2010.03.27"]
[EventType "swiss"]
[EventRounds "9"]
[EventCountry "ESP"]
[Source "lmi"]
[SourceDate "2010.03.27"]

1. e4 e5 2. Nf3 Nc6 3. Bb5 Bc5 4. O-O d6 5. d4 exd4 6. Nxd4 Nge7 7. Bg5 f6 8.
Bxf6 gxf6 9. Qh5+ Ng6 10. Nf5 Qd7 11. Nc3 O-O 12. Bc4+ Kh8 13. Qh6 Nd4 14. Nh4
Nf3+ 15. gxf3 Qe8 16. Nf5 Bxf5 17. exf5 Ne5 18. Be6 Nxf3+ 19. Kh1 Ng5 20. Rae1
Bb4 21. Nd5 Bxe1 22. Nxf6 Qd8 23. Nh5 Nxe6 24. fxe6 Rg8 25. Nf6 Rg7 26. Rxe1
Qe7 27. f4 Rg6 28. Nd5 Rxh6 29. Nxe7 Re8 30. Nd5 c6 31. Nc7 Re7 32. f5 Rf6 0-1

[Event "24. Open Catalunya Escacs Club"]
[Site "Barcelona ESP"]
[Date "2010.03.29"]
[Round "3.1"]
[White "Visa Jordana, Joel"]
[Black "Munoz Pantoja, Miguel"]
[Result "0-1"]
[WhiteElo "2203"]
[BlackElo "2459"]
[PlyCount "54"]
[EventDate "2010.03.27"]
[EventType "swiss"]
[EventRounds "9"]
[EventCountry "ESP"]
[Source "lmi"]
[SourceDate "2010.03.27"]

1. d4 Nf6 2. c4 c5 3. d5 g6 4. Nc3 d6 5. e4 Bg7 6. f4 O-O 7. Nf3 e6 8. dxe6
fxe6 9. Bd3 Nc6 10. O-O Nd4 11. Nxd4 cxd4 12. Ne2 e5 13. Ng3 exf4 14. Bxf4 Ng4
15. Qd2 Be6 16. Nh1 Qh4 17. h3 Ne3 18. Bxe3 dxe3 19. Qxe3 Bxb2 20. Rab1 Ba3 21.
Qg3 Qxg3 22. Nxg3 b6 23. Rxf8+ Rxf8 24. Ne2 Kg7 25. Kh2 Bc5 26. Kg3 g5 27. Nc3
Bd4 0-1

[Event "24. Open Catalunya Escacs Club"]
[Site "Barcelona ESP"]
[Date "2010.03.29"]
[Round "3.2"]
[White "Cruz, Jonathan"]
[Black "Mazet, Julien"]
[Result "1-0"]
[WhiteElo "2442"]
[BlackElo "2208"]
[PlyCount "59"]
[EventDate "2010.03.27"]
[EventType "swiss"]
[EventRounds "9"]
[EventCountry "ESP"]
[Source "lmi"]
[SourceDate "2010.03.27"]

1. e4 c5 2. d3 Nc6 3. Nf3 g6 4. g3 Bg7 5. Bg2 e6 6. O-O Nge7 7. Nbd2 O-O 8. Re1
d6 9. Nf1 e5 10. c3 d5 11. exd5 Nxd5 12. Ne3 Nb6 13. a4 a5 14. Qb3 Ra6 15. Qa3
Qd6 16. Ng5 Nd7 17. Ne4 Qe7 18. Nd5 Qd8 19. Nxc5 Nxc5 20. Qxc5 Be6 21. Be3 Re8
22. Qb5 Qd7 23. Rad1 Rd8 24. Nb6 Qc7 25. Nc4 Bxc4 26. dxc4 Rxd1 27. Rxd1 Ra8
28. Bb6 Qc8 29. Qd5 Bf6 30. Qd7 1-0

[Event "24. Open Catalunya Escacs Club"]
[Site "Barcelona ESP"]
[Date "2010.03.29"]
[Round "3.3"]
[White "Ramon Solans, Albert"]
[Black "Cruz, Filemon"]
[Result "0-1"]
[WhiteElo "2171"]
[BlackElo "2436"]
[PlyCount "84"]
[EventDate "2010.03.27"]
[EventType "swiss"]
[EventRounds "9"]
[EventCountry "ESP"]
[Source "lmi"]
[SourceDate "2010.03.27"]

1. d4 d5 2. c4 c6 3. Nc3 Nf6 4. e3 a6 5. Nf3 b5 6. b3 Bg4 7. h3 Bxf3 8. gxf3 e6
9. c5 g6 10. f4 Bg7 11. Bd3 Nbd7 12. Bd2 a5 13. Qf3 Nh5 14. O-O O-O 15. Kh1 f5
16. Qg2 Kh8 17. Rg1 Ndf6 18. f3 Nd7 19. a4 b4 20. Ne2 Qe7 21. Rac1 Rf7 22. Be1
Bf6 23. Ng3 Nxg3+ 24. Qxg3 Rg7 25. Rc2 Rag8 26. Rcg2 Qf7 27. Bf2 Bd8 28. Qh2
Nf6 29. Bh4 Nh5 30. Bg5 Bxg5 31. Rxg5 Qf6 32. Qf2 h6 33. R5g2 g5 34. fxg5 hxg5
35. f4 gxf4 36. Rxg7 Rxg7 37. Rxg7 fxe3 38. Qxe3 Kxg7 39. Ba6 f4 40. Qe5 Qxe5
41. dxe5 Ng3+ 42. Kg2 Ne4 0-1

[Event "24. Open Catalunya Escacs Club"]
[Site "Barcelona ESP"]
[Date "2010.03.29"]
[Round "3.4"]
[White "Bergez, Luc"]
[Black "Nunez Lucero, Francisco"]
[Result "1-0"]
[WhiteElo "2392"]
[BlackElo "2184"]
[PlyCount "115"]
[EventDate "2010.03.27"]
[EventType "swiss"]
[EventRounds "9"]
[EventCountry "ESP"]
[Source "lmi"]
[SourceDate "2010.03.27"]

1. e4 e6 2. b3 d5 3. Bb2 dxe4 4. Nc3 Nf6 5. g4 Nc6 6. g5 Nd5 7. Nxe4 h6 8. Qh5
Nf4 9. Qf3 hxg5 10. h4 e5 11. hxg5 Rxh1 12. Qxh1 Nd4 13. O-O-O Bf5 14. Ng3 Bxc2
15. Re1 Bg6 16. Rxe5+ Nde6 17. Bb5+ c6 18. Bxc6+ bxc6 19. Qxc6+ Qd7 20. Qxa8+
Qd8 21. Qxd8+ Kxd8 22. Kd1 Nd3 23. Rd5+ Kc7 24. Bc3 Nef4 25. Rxd3 Nxd3 26. Nh3
Bd6 27. Bxg7 Nxf2+ 28. Nxf2 Bxg3 29. Bd4 a5 30. Kc1 Kc6 31. Nd1 Bh4 32. Bf6 Kd5
33. Nc3+ Ke6 34. d4 Be1 35. a4 Bxc3 36. d5+ Kf5 37. Bxc3 Kxg5 38. Bxa5 Kf5 39.
Bc3 Ke4 40. d6 Bf5 41. Be1 Bd7 42. Kb2 f5 43. Kc3 Ke5 44. Bg3+ Kd5 45. Kb4 Kc6
46. Ka5 Kb7 47. b4 Ka7 48. b5 Kb7 49. Kb4 Ka7 50. a5 Kb7 51. Kc5 Be6 52. Bf4
Bd7 53. Be3 Ka7 54. Kb4+ Kb7 55. a6+ Kb8 56. b6 Bc8 57. Ka5 Bd7 58. b7 1-0

[Event "24. Open Catalunya Escacs Club"]
[Site "Barcelona ESP"]
[Date "2010.03.29"]
[Round "3.5"]
[White "Villalonga Coll, Jaume"]
[Black "Perez Mitjans, Orelvis"]
[Result "1/2-1/2"]
[WhiteElo "2087"]
[BlackElo "2392"]
[PlyCount "100"]
[EventDate "2010.03.27"]
[EventType "swiss"]
[EventRounds "9"]
[EventCountry "ESP"]
[Source "lmi"]
[SourceDate "2010.03.27"]

1. d4 d5 2. c4 Nc6 3. cxd5 Qxd5 4. Nf3 e5 5. Nc3 Bb4 6. Bd2 Bxc3 7. Bxc3 e4 8.
Ne5 e3 9. fxe3 Nge7 10. e4 Qxe4 11. Qd3 Qd5 12. Nxc6 bxc6 13. Qf3 Bf5 14. Qxd5
Nxd5 15. Kd2 O-O 16. e3 Be4 17. Rg1 Rfe8 18. Bc4 Nb6 19. Bd3 Re6 20. Bxe4 Rxe4
21. Kd3 Rae8 22. Bd2 Nd5 23. Rac1 R8e6 24. Rxc6 Rxe3+ 25. Bxe3 Rxc6 26. Bd2 f5
27. Rc1 Re6 28. b3 Kf7 29. Rc5 Rd6 30. Kc4 Ke6 31. g3 g6 32. Bf4 Rd7 33. Rc6+
Kf7 34. Be5 g5 35. Ra6 f4 36. gxf4 gxf4 37. Rxa7 Ke6 38. Kd3 Kf5 39. Ra8 Rf7
40. Rg8 Nb4+ 41. Ke2 Ke4 42. a4 Nd3 43. a5 f3+ 44. Kf1 c5 45. Rg7 Rf8 46. Bd6
Ra8 47. dxc5 Rxa5 48. Rg4+ Kd5 49. Ra4 Rb5 50. b4 Rb7 1/2-1/2

[Event "24. Open Catalunya Escacs Club"]
[Site "Barcelona ESP"]
[Date "2010.03.29"]
[Round "3.6"]
[White "Lorenzo De La Riva, Lazaro"]
[Black "Alonso Gonzalez, Carlos"]
[Result "1-0"]
[WhiteElo "2383"]
[BlackElo "2100"]
[PlyCount "61"]
[EventDate "2010.03.27"]
[EventType "swiss"]
[EventRounds "9"]
[EventCountry "ESP"]
[Source "lmi"]
[SourceDate "2010.03.27"]

1. e4 g6 2. d4 Bg7 3. Nc3 d6 4. f4 a6 5. Nf3 b5 6. Bd3 Nd7 7. e5 Bb7 8. Be4 c6
9. Ng5 Nh6 10. e6 Nf6 11. exf7+ Nxf7 12. Ne6 Qd7 13. Nxg7+ Kf8 14. Bf3 Kxg7 15.
O-O Rad8 16. a4 d5 17. Qe2 b4 18. Nd1 a5 19. Nf2 Nd6 20. c3 bxc3 21. bxc3 Rhe8
22. Re1 Rb8 23. Ba3 Nc4 24. Nd3 Nxa3 25. Nc5 Qd6 26. Rxa3 Bc8 27. Ra2 Qxf4 28.
Qf1 e5 29. Nd3 Ba6 30. Nxf4 Bxf1 31. dxe5 1-0